| 000 | 01978nam a2200469 i 4500 | ||
|---|---|---|---|
| 001 | ELB57352 | ||
| 003 | FlNmELB | ||
| 006 | m o d | | ||
| 007 | cr cnu|||||||| | ||
| 008 | 180312s2017 sp ob 101 0 eng d | ||
| 020 | _a9788490442739 (e-book) | ||
| 035 | _a(MiAaPQ)EBC5213953 | ||
| 035 | _a(Au-PeEL)EBL5213953 | ||
| 035 | _a(CaPaEBR)ebr11493578 | ||
| 035 | _a(OCoLC)1105875164 | ||
| 040 |
_aFINmELB _bspa _erda _cFINmELB |
||
| 050 | 4 |
_aHM621 _bI197 2017 |
|
| 080 | _a308 | ||
| 082 | 0 |
_a306 _223 |
|
| 111 | 2 |
_aIdentity and identification: proceedings of the 14th international "Culture and Power" conference _d(22 a 24 de marzo de 2010 : _cCuenca) |
|
| 245 | 1 | 0 |
_aIdentity and identification : _bproceedings of the 14th international "Culture and Power" conference / _cángel Mateos-Aparicio Martín-Albo, Eduardo de Gregorio-Godeo, editores. |
| 264 | 1 |
_aCuenca : _bEdiciones de la Universidad de Castilla-La Mancha, _c2017. |
|
| 300 | _a1 recurso en línea (236 páginas) | ||
| 336 |
_atexto _btxt _2rdacontent/spa |
||
| 337 |
_acomputadora _bc _2rdamedia/spa |
||
| 338 |
_arecurso en línea _bcr _2rdacarrier/spa |
||
| 490 | 1 |
_aEstudios ; _v160 |
|
| 500 | _aIncluye índice. | ||
| 504 | _aContiene bibliografía. | ||
| 588 | _aDescripción basada en recurso en línea; Título de la página del título en PDF (e-libro, visto March 12, 2018). | ||
| 590 | _aRecurso electrónico. Santa Fe, Arg. : e-libro, 2018. Disponible vía World Wide Web. El acceso puede ser limitado para las bibliotecas afiliadas a e-Libro. | ||
| 650 | 0 |
_aCivilization _vCongresses. |
|
| 650 | 4 |
_aCivilización _vCongresos. |
|
| 650 | 0 |
_aCulture _vCongresses. |
|
| 650 | 4 |
_aCultura _vCongresos. |
|
| 655 | 4 | _aLibros electrónicos. | |
| 700 | 1 |
_aGregorio-Godeo, Eduardo de, _eeditor. |
|
| 700 | 1 |
_aMartín-Albo, ángel Mateos-Aparicio, _eeditor. |
|
| 797 | 2 | _ae-libro, Corp. | |
| 830 | 0 |
_aEstudios ; _v160. |
|
| 856 | 4 | 0 | _uhttps://elibro.net/ereader/usam/57352 |
| 999 |
_c147121 _d147121 |
||